MARC details
| 000 -CABECERA |
| campo de control de longitud fija |
02841nam a22004217a 4500 |
| 003 - IDENTIFICADOR DEL NÚMERO DE CONTROL |
| campo de control |
CHAP |
| 005 - FECHA Y HORA DE LA ÚLTIMA TRANSACCIÓN |
| campo de control |
20240521131714.0 |
| 007 - CAMPO FIJO DE DESCRIPCIÓN FÍSICA--INFORMACIÓN GENERAL |
| campo de control de longitud fija |
ta |
| 008 - DATOS DE LONGITUD FIJA--INFORMACIÓN GENERAL |
| campo de control de longitud fija |
221028s2016 |||edoefr||||a001 0 spa d |
| 040 ## - FUENTE DE LA CATALOGACIÓN |
| Centro catalogador/agencia de origen |
mxchpua |
| 090 ## - LOCALMENTE ASIGNADO TIPO-LC NÚMERO DE CLASIFICACIÓN (OCLC); NÚMERO DE CLASIFICACIÓN LOCAL (RLIN) |
| Número de clasificación (OCLC) (R) ; Numero de clasificación, CALL (RLIN) (NR) |
T.C.888 |
| Número cutter local (OCLC) ; Número de libro/Signatura topográfica íntegra, CALL (RLIN) |
P47 EIUPA |
| Año |
2016 |
| 245 10 - MENCIÓN DE TÍTULO |
| Título |
Reporte de la fase de campo del curso en la empresa industrias MAYASEC S.A, República de Panamá / |
| Mención de responsabilidad, etc. |
coordinador Artemio Pérez López ; colaboradores Mayra Carranza Gómez...[y otros] |
| 260 ## - PUBLICACIÓN, DISTRIBUCIÓN, ETC. |
| Lugar de publicación, distribución, etc. |
Chapingo, México : |
| Nombre del editor, distribuidor, etc. |
El autor, |
| Fecha de publicación, distribución, etc. |
2016 |
| 300 ## - DESCRIPCIÓN FÍSICA |
| Extensión |
ca. 200 hojas : |
| Otras características físicas |
gráficas, mapas, fotos, planos |
| 336 ## - TIPO DE CONTENIDO |
| Fuente |
rdacontent |
| Término de tipo de contenido |
texto |
| Código de tipo de contenido |
txt |
| 337 ## - TIPO DE MEDIO |
| Fuente |
rda media |
| Nombre/término del tipo de medio |
no mediado |
| Código del tipo de medio |
n |
| 338 ## - TIPO DE SOPORTE |
| Fuente |
rdacarrier |
| Nombre/término del tipo de soporte |
volumen |
| Código del tipo de soporte |
nc |
| 500 ## - NOTA GENERAL |
| Nota general |
Grado: 7° año |
| 502 ## - NOTA DE TESIS |
| Nota de tesis |
Viaje de Estudios |
| Tipo de título |
(EIUPA) -- |
| Nombre de la institución que otorga el título |
UACh. Departamento de Ingeniería Agroindustrial, |
| Año de obtención del título |
2016 |
| 504 ## - NOTA DE BIBLIOGRAFÍA, ETC. |
| Nota de bibliografía, etc. |
Incluye bibliografías |
| 505 0# - NOTA DE CONTENIDO CON FORMATO |
| Nota de contenido con formato |
Contiene 6 planos: --<br/>1. Plano de distribución de áreas (Esc.1:50) -- <br/>2. Plano de área planta alta(Esc. 1:50) -- <br/>3. Plano distribución de equipo (Esc. 1:50) -- <br/>4. Diagrama de toma decisiones -- <br/>5. Diagrama de toma de decisiones 2 -- <br/>6. Diagrama de flujo del proceso de producción de platanitas |
| 650 13 - PUNTO DE ACCESO ADICIONAL DE MATERIA--TÉRMINO DE MATERIA |
| 9 (RLIN) |
154266 |
| Término de materia o nombre geográfico como elemento de entrada |
Bocados (comida) |
| 650 13 - PUNTO DE ACCESO ADICIONAL DE MATERIA--TÉRMINO DE MATERIA |
| 9 (RLIN) |
148414 |
| Término de materia o nombre geográfico como elemento de entrada |
Industria de la confitería |
| Subdivisión general |
Organización industrial y estructura de mercado |
| Subdivisión geográfica |
Panamá |
| 650 13 - PUNTO DE ACCESO ADICIONAL DE MATERIA--TÉRMINO DE MATERIA |
| 9 (RLIN) |
185401 |
| Término de materia o nombre geográfico como elemento de entrada |
Golosinas |
| Subdivisión general |
Calidad del producto |
| Subdivisión geográfica |
Panamá |
| 650 13 - PUNTO DE ACCESO ADICIONAL DE MATERIA--TÉRMINO DE MATERIA |
| 9 (RLIN) |
154268 |
| Término de materia o nombre geográfico como elemento de entrada |
Snack foods |
| 650 13 - PUNTO DE ACCESO ADICIONAL DE MATERIA--TÉRMINO DE MATERIA |
| 9 (RLIN) |
159498 |
| Término de materia o nombre geográfico como elemento de entrada |
Confectionary industry |
| Subdivisión general |
Industrial organization and market structure |
| Subdivisión geográfica |
Panama |
| 650 13 - PUNTO DE ACCESO ADICIONAL DE MATERIA--TÉRMINO DE MATERIA |
| 9 (RLIN) |
158341 |
| Término de materia o nombre geográfico como elemento de entrada |
Candy |
| Subdivisión general |
Product quality |
| Subdivisión geográfica |
Panamá |
| 700 1# - PUNTO DE ACCESO ADICIONAL--NOMBRE DE PERSONA |
| 9 (RLIN) |
149931 |
| Nombre de persona |
Pérez López, Artemio |
| Término indicativo de función/relación |
coordinador |
| 700 1# - PUNTO DE ACCESO ADICIONAL--NOMBRE DE PERSONA |
| 9 (RLIN) |
135486 |
| Nombre de persona |
Carranza Gómez, Mayra |
| Término indicativo de función/relación |
colaboradora |
| 856 41 - LOCALIZACIÓN Y ACCESO ELECTRÓNICOS |
| Identificador Uniforme del Recurso |
<a href="http://10.13.5.2/ve/T_C_888_EIUPA/T_C_888_EIUPA_2016-REPORTE_pdf">http://10.13.5.2/ve/T_C_888_EIUPA/T_C_888_EIUPA_2016-REPORTE_pdf</a> |
| Texto de enlace |
DESCARGAR REPORTE |
| 856 41 - LOCALIZACIÓN Y ACCESO ELECTRÓNICOS |
| Identificador Uniforme del Recurso |
<a href="http://10.13.5.2/ve/T_C_888_EIUPA/T_C_888_EIUPA_2016-PLANO_DE_DISTRIBUCION_DE_EQUIPO_pdf">http://10.13.5.2/ve/T_C_888_EIUPA/T_C_888_EIUPA_2016-PLANO_DE_DISTRIBUCION_DE_EQUIPO_pdf</a> |
| Texto de enlace |
DESCARGARr PLANO DE DISTRIBUCIÓN DE EQUIPO |
| 856 41 - LOCALIZACIÓN Y ACCESO ELECTRÓNICOS |
| Identificador Uniforme del Recurso |
<a href="http://10.13.5.2/ve/T_C_888_EIUPA/T_C_888_EIUPA_2016-PLANO_DE_DISTRIBUCION_DE_AREAS_PROPUESTA_pdf">http://10.13.5.2/ve/T_C_888_EIUPA/T_C_888_EIUPA_2016-PLANO_DE_DISTRIBUCION_DE_AREAS_PROPUESTA_pdf</a> |
| Texto de enlace |
DESCARGAR PLANO DE DISTRIBUCIÓN DE ÁREAS PROPUESTA |
| 856 41 - LOCALIZACIÓN Y ACCESO ELECTRÓNICOS |
| Identificador Uniforme del Recurso |
<a href="http://10.13.5.2/ve/T_C_888_EIUPA/T_C_888_EIUPA_2016-PLANO_DE_DISTRIBUCION_DE_AREAS_pdf">http://10.13.5.2/ve/T_C_888_EIUPA/T_C_888_EIUPA_2016-PLANO_DE_DISTRIBUCION_DE_AREAS_pdf</a> |
| Texto de enlace |
DESCARGAR PLANO DE DISTRIBUCIÓN DE ÁREAS |
| 856 41 - LOCALIZACIÓN Y ACCESO ELECTRÓNICOS |
| Identificador Uniforme del Recurso |
<a href="http://10.13.5.2/ve/T_C_888_EIUPA/T_C_888_EIUPA_2016-PLANO_DE_AREAS_pdf">http://10.13.5.2/ve/T_C_888_EIUPA/T_C_888_EIUPA_2016-PLANO_DE_AREAS_pdf</a> |
| Texto de enlace |
DESCARGAR PLANO DE ÁREAS |
| 856 41 - LOCALIZACIÓN Y ACCESO ELECTRÓNICOS |
| Identificador Uniforme del Recurso |
<a href="http://10.13.5.2/ve/T_C_888_EIUPA/T_C_888_EIUPA_2016-DIAGRAMA_DE_TOMA_DE_DECISIONES_pdf">http://10.13.5.2/ve/T_C_888_EIUPA/T_C_888_EIUPA_2016-DIAGRAMA_DE_TOMA_DE_DECISIONES_pdf</a> |
| Texto de enlace |
DESCARGAR DIAGRAMA DE TOMAS DE DECISIONES |
| 856 41 - LOCALIZACIÓN Y ACCESO ELECTRÓNICOS |
| Identificador Uniforme del Recurso |
<a href="http://10.13.5.2/ve/T_C_888_EIUPA/T_C_888_EIUPA_2016-DIAGRAMA_DE_TOMA_DE_DECISIONES_2_pdf">http://10.13.5.2/ve/T_C_888_EIUPA/T_C_888_EIUPA_2016-DIAGRAMA_DE_TOMA_DE_DECISIONES_2_pdf</a> |
| Texto de enlace |
DESCARGAR DIAGRAMA DE DECISIONES 2 |
| 856 41 - LOCALIZACIÓN Y ACCESO ELECTRÓNICOS |
| Identificador Uniforme del Recurso |
<a href="http://10.13.5.2/ve/T_C_888_EIUPA/T_C_888_EIUPA_2016-DIAGRAMA_DE_FLUJO_DE_PROCESO_pdf">http://10.13.5.2/ve/T_C_888_EIUPA/T_C_888_EIUPA_2016-DIAGRAMA_DE_FLUJO_DE_PROCESO_pdf</a> |
| Texto de enlace |
DESCARGAR DIAGRAMA DE FLUJO DE PROCESO |